Kiew, Denkmäler kirchlicher Architektur des XI. bis XIX. Jahrhunderts, byzantinische Baukunst, ukrainisches Barock. Mit 158 Abbildungen nach Originalaufnahmen des Verfassers.
Saved in:
| Main Author: | |
|---|---|
| Other Authors: | |
| Format: | Book |
| Language: | German Undetermined |
| Published: |
München,
Orchis-Verlag
[c1923]
|
| Series: | Schöne Städte und Stätten des Orients,
1 Bd. |
| Subjects: | |
| Tags: |
Add Tag
No Tags, Be the first to tag this record!
|
| LEADER | 01076cam a2200253I 4500 | ||
|---|---|---|---|
| 001 | 005308347-4 | ||
| 005 | 20020606095253.2 | ||
| 008 | 880711s1923 gw f 000 0 ger | ||
| 010 | |a 49037450 | ||
| 035 | 0 | |a ocm18196370 | |
| 035 | 0 | |a ocm18196370 |z ocm20543238 | |
| 040 | |a DLC |c IXA |d IXA |d OCL |d OBE |d HFL | ||
| 041 | 1 | |a ger |h und | |
| 050 | 0 | |a NA5697.K5 |b L84 | |
| 100 | 1 | |a Lukomskiĭ, G. K. |q (Georgiĭ Kreskentʹevich), |d 1884-1952. | |
| 245 | 0 | 0 | |a Kiew, Denkmäler kirchlicher Architektur des XI. bis XIX. |b Jahrhunderts, byzantinische Baukunst, ukrainisches Barock. Mit 158 Abbildungen nach Originalaufnahmen des Verfassers. |c In deutscher Sprache hrsg. und bearb. von W. Klein. |
| 246 | 3 | |a Denkmäler kirchlicher Architektur des XI. bis XIX. Jahrhunderts, byzantinische Baukunst, ukrainisches Barock. | |
| 260 | |a München, |b Orchis-Verlag |c [c1923] | ||
| 300 | |a 50 p. |b plates. |c 32 cm. | ||
| 490 | 0 | |a Schöne Städte und Stätten des Orients, |v 1 Bd. | |
| 650 | 0 | |a Church architecture |z Ukraine |z Kiev. | |
| 700 | 1 | |a Klein, Woldemar, |e ed. and tr. | |
| 988 | |a 20020608 | ||
| 906 | |0 DLC | ||


